Statistics for Countries Bordering Algeria

Click here to take the quiz!

General Stats

  • This quiz has been taken 63 times
  • The average score is 5 of 6

Answer Stats

LengthCountry% Correct
1,559 kmMorocco
98%
982 kmLibya
97%
965 kmTunisia
91%
956 kmNiger
88%
1,376 kmMali
86%
463 kmMauritania
81%

Score Distribution

Percentile by Number Answered

Percent of People with Each Score

Your Score History

You have not taken this quiz